Statistics for Presidential Lasts

Click here to take the quiz!

General Stats

  • This quiz has been taken 25 times
    (21 since last reset)
  • The average score is 17 of 45

Answer Stats

HintAnswer% Correct
Last president to have any name starting with UGrant
75%
Last president to speak English as a second languageVan Buren
75%
Last president to run as a FederalistAdams (John)
67%
Last president to run as a Democratic-RepublicanAdams (John Quincy)
67%
Last president to meet with the PopeBiden
67%
Last president to be a general in the US MilitaryEisenhower
67%
Last president to be the grandfather of a future presidentHarrison (William Henry)
67%
Last president to be assassinatedKennedy
67%
Last president to not be affiliated with a political partyWashington
67%
Last president to open the Summer Olympics in the USClinton
58%
Last president to kill someone in a duelJackson
58%
Last president to be a QuakerNixon
58%
Last president to officially declare warRoosevelt (Frederick Delano)
58%
Last president to have facial hair in his official presidental portraitTaft
58%
Last president to serve in the militaryBush (W)
50%
Last president to be born in OhioHarding
50%
Last president to travel to CubaObama
50%
Last president to preside over fewer than 50 statesTruman
50%
Last president to serve in a world warBush (HW)
42%
Last president to sign the Declaration of IndependenceJefferson
42%
Last president to designate a national parkTrump
42%
Last president to be best known by his middle nameCoolidge
33%
Last president to be inaugerated on a date other than January 20Ford
33%
Last president to be known by three initialsJohnson (Lyndon B)
33%
Last president to sign the ConstitutionMadison
33%
Last president to lead a unionReagan
33%
Last president to own slaves while in officeTaylor
33%
Last president to have no vice president at any point during presidencyArthur
25%
Last president to be in office before the discovery of dinosaur fossils in the USFillmore
25%
Last president to be in office while George III reigns in the UKMonroe
25%
Last president to win against a Whig presidental candidatePierce
25%
Last president to officially delcare war on a country in the AmericasPolk
25%
Last president to visit YugoslaviaCarter
17%
Last president to have a March birthdayCleveland
17%
Last president to serve in the US Volunteer ArmyHayes
17%
Last president to be fluent in LatinHoover
17%
Last president to fight in a war against Native American peoplesLincoln
17%
Last president to have served in the US Civil WarMcKinley
17%
Last president to have no middle nameRoosevelt (Theodore)
17%
Last president to have a wedding reception at the White HouseTyler
17%
Last president to have someone other than his wife serve as First LadyWilson
17%
Last president to be born in the 1700sBuchanan
8%
Last president to be born in a log cabinGarfield
8%
Last president to have goats as a petHarrison (Benjamin)
8%
Last president to be alive at the same time as NapoleonJohnson (Andrew)
8%

Score Distribution

Percentile by Number Answered

Percent of People with Each Score

Your Score History

You have not taken this quiz since the last reset